|
|
|
|
| LEADER |
00000nam a22000007a 4500 |
| 005 |
20180711011448.0 |
| 007 |
cr|||| |||| |
| 008 |
180711s2018 es |||||s|||| 00||0 spa d |
| 020 |
|
|
|a 978-84-937762-3-7
|
| 035 |
|
|
|a 21833
|
| 040 |
|
|
|a vLex
|
| 090 |
|
|
|c 8025
|d 8025
|
| 100 |
1 |
|
|a Fernandez Galbis, Eduardo
|
| 245 |
1 |
0 |
|a Ciclo de conferencias
|h [Recurso electrn̤ico] :
|b Curso 2016-2017 /
|c Eduardo Fernandez Galbis, Victorio Magariǫs Blanco, D. Jos ̌ℓngel Martn̕ez Sanchiz, D. Pedro Jos ̌Garrido Chamorro, D. Eduardo Fernǹdez Estevan, D. Eduardo Gm̤ez Lp̤ez
|
| 256 |
|
|
|a Servicio en ln̕ea
|
| 260 |
|
|
|a Sevilla:
|b Academia Sevillana del Notariado,
|c 2018
|
| 300 |
|
|
|a 1 recurso electrn̤ico
|
| 506 |
1 |
|
|a Disponible solo en los productos indicados
|d vLex Global
|d vLex Global (Academic Edition, excluding Law Schools)
|d vLex Global (U.S. Academic Edition, Law Schools)
|d vLex Global (U.S. Academic Edition, excluding Law Schools)
|d vLex Global (Academic Edition, Law Schools)
|
| 650 |
0 |
4 |
|a Derecho Civil
|z Espaą
|
| 700 |
1 |
|
|a Magariǫs Blanco, Victorio
|
| 700 |
1 |
|
|a Martn̕ez Sanchiz, D. Jos ̌ℓngel
|
| 700 |
1 |
|
|a Garrido Chamorro, D. Pedro Još
|
| 700 |
1 |
|
|a Fernǹdez Estevan, D. Eduardo
|
| 700 |
1 |
|
|a Gm̤ez Lp̤ez, D. Eduardo
|
| 740 |
0 |
|
|a vLex Libros (Servicio en ln̕ea)
|
| 856 |
4 |
0 |
|u http://vlex.com/source/ciclo-conferencias-curso-2016-2017-21833
|z Acceso restringido
|
| 942 |
|
|
|c BOOK
|
| 999 |
0 |
|
|a Civil Law
|